|
|
|
|
| LEADER |
00000nab a2200000ua 4500 |
| 001 |
vtls010778791 |
| 003 |
SK-MaSNL |
| 005 |
20260303123428.0 |
| 008 |
230214s1996 xo |||||||||||||||||eng| |
| 035 |
|
|
|a (urnnbn)urn:nbn:sk:snk:ar-a03f8y
|
| 035 |
|
|
|a (uuid)013ce1ba-ecea-4d86-9b5b-cf197ac8ba39
|
| 035 |
|
|
|a urn:nbn:sk:snk-ab58ub
|
| 040 |
|
|
|a SNKBUCL
|b slo
|c SNKBUCL
|e AACR2
|
| 041 |
0 |
|
|a eng
|
| 044 |
|
|
|a xo
|c SK
|
| 100 |
1 |
|
|a Švehlíková, J.
|4 aut
|9 786678
|
| 245 |
1 |
0 |
|a MODEL STUDY OF INFLUENCE OF EXTRACARDIAL FACTORS ON THE INVERSE LOCALIZATION OF PREEXCITATION SITES
|c J. Švehlíková, M. Tiňová, M. Turzová, M. Tyšler
|
| 700 |
1 |
|
|a Tiňová, M.
|4 aut
|9 47373
|
| 700 |
1 |
|
|a Turzová, M.
|4 aut
|9 782619
|
| 700 |
1 |
|
|a Tyšler, Milan,
|d 1951-
|4 aut
|9 102223
|
| 773 |
0 |
|
|t Bratislavské lekárske listy
|g Roč. 97, č. 9 (1996), s. 562-566
|
| 958 |
|
|
|a OND
|
| 958 |
|
|
|a EUIPO
|
| 958 |
|
|
|a article3
|
| 999 |
|
|
|c 1925863
|d 1927793
|